К вопросу определения территориальных рисков в Тес-Хемском районе Республики Тыва; Ресурсоэффективные системы в управлении и контроле: взгляд в будущее (т. 2)

Sonraí bibleagrafaíochta
Parent link:Ресурсоэффективные системы в управлении и контроле: взгляд в будущее (т. 2).— 2018.— [С. 158-162]
Príomhchruthaitheoir: Чикей Э. Н. Эртине Намдалович
Údar corparáideach: Национальный исследовательский Томский политехнический университет (ТПУ)
Achoimre:Заглавие с экрана
На основании обзорных туров, анализа статистических данных и действующей документации, предложена оценка территориальных рисков Тес-Хемского района Республики Тыва. Исследованы наиболее опасные места возникновения лесных пожаров и наводнений. Проведено картирование установленных рисков.
Based on survey tours, analysis of statistical data and existing documentation, an assessment of the territorial risks of the Tes-Khem region of the Republic of Tuva is proposed. The most dangerous places of occurrence of forest fires and floods are investigated. The mapping of established risks was carried out.
Teanga:Rúisis
Foilsithe / Cruthaithe: 2018
Ábhair:
Rochtain ar líne:http://earchive.tpu.ru/handle/11683/52970
Formáid: MixedMaterials Leictreonach Caibidil leabhair
KOHA link:https://koha.lib.tpu.ru/cgi-bin/koha/opac-detail.pl?biblionumber=629247

MARC

LEADER 00000naa2a2200000 4500
001 629247
005 20231101133542.0
035 |a (RuTPU)RU\TPU\conf\29724 
035 |a RU\TPU\conf\29720 
090 |a 629247 
100 |a 20190301d2018 k y0rusy50 ca 
101 0 |a rus  |d eng 
102 |a RU 
105 |a y z 101zy 
135 |a drcn ---uucaa 
181 0 |a i  
182 0 |a b 
200 1 |a К вопросу определения территориальных рисков в Тес-Хемском районе Республики Тыва  |d To the question of determining territorial risks in the Ten-Khemsk region of the Republic of Tyva  |f Э. Н. Чикей 
203 |a Текст  |c электронный 
230 |a 1 компьютерный файл (pdf; 698 Кб) 
300 |a Заглавие с экрана 
320 |a [Библиогр.: с. 161-162 (5 назв.)] 
330 |a На основании обзорных туров, анализа статистических данных и действующей документации, предложена оценка территориальных рисков Тес-Хемского района Республики Тыва. Исследованы наиболее опасные места возникновения лесных пожаров и наводнений. Проведено картирование установленных рисков. 
330 |a Based on survey tours, analysis of statistical data and existing documentation, an assessment of the territorial risks of the Tes-Khem region of the Republic of Tuva is proposed. The most dangerous places of occurrence of forest fires and floods are investigated. The mapping of established risks was carried out. 
463 0 |0 (RuTPU)RU\TPU\conf\29687  |t Ресурсоэффективные системы в управлении и контроле: взгляд в будущее (т. 2)  |o сборник научных трудов VII Международной конференции школьников, студентов, аспирантов, молодых ученых, 8 -13 октября 2018 г., г. Томск  |f Национальный исследовательский Томский политехнический университет (ТПУ)  |v [С. 158-162]  |d 2018 
510 1 |a To the question of determining territorial risks in the Ten-Khemsk region of the Republic of Tyva  |z eng 
610 1 |a электронный ресурс 
610 1 |a труды учёных ТПУ 
610 1 |a территории 
610 1 |a риски 
610 1 |a Республика Тыва 
610 1 |a чрезвычайные ситуации 
610 1 |a картирование 
610 1 |a лесные пожары 
610 1 |a наводнения 
610 1 |a emergency 
610 1 |a risk mapping 
610 1 |a forest fires 
610 1 |a floods 
610 1 |a territorial risks 
700 1 |a Чикей  |b Э. Н.  |g Эртине Намдалович 
712 0 2 |a Национальный исследовательский Томский политехнический университет (ТПУ)  |c (2009- )  |2 stltpush  |3 (RuTPU)RU\TPU\col\15902 
801 2 |a RU  |b 63413507  |c 20190301  |g RCR 
856 4 |u http://earchive.tpu.ru/handle/11683/52970 
942 |c BK